Формирование плазменного потока при спиновой сепарации изотопов углерода; Изотопы: технологии, материалы и применение

التفاصيل البيبلوغرافية
Parent link:Изотопы: технологии, материалы и применение.— 2015.— [С. 26]
المؤلف الرئيسي: Беспала Е. В. Евгений Владимирович
مؤلف مشترك: Национальный исследовательский Томский политехнический университет
مؤلفون آخرون: Павлюк А. О. Александр Олегович (научный руководитель), Котляревский С. Г., Мышкин В. Ф. Вячеслав Фёдорович
الملخص:Заглавие с титульного экрана
اللغة:الروسية
منشور في: 2015
سلاسل:Селекция веществ оптическими, электромагнитными, ИЦР, лазерными и плазменными методами. диагностика и методы анализа веществ и примесей
الموضوعات:
الوصول للمادة أونلاين:http://earchive.tpu.ru/handle/11683/22449
http://www.lib.tpu.ru/fulltext/c/2015/C84/013.pdf
التنسيق: الكتروني فصل الكتاب
KOHA link:https://koha.lib.tpu.ru/cgi-bin/koha/opac-detail.pl?biblionumber=615171

MARC

LEADER 00000naa2a2200000 4500
001 615171
005 20250506154505.0
035 |a (RuTPU)RU\TPU\conf\13370 
035 |a RU\TPU\conf\13368 
090 |a 615171 
100 |a 20151028d2015 k y0rusy50 ca 
101 0 |a rus 
102 |a RU 
105 |a y z 101zy 
135 |a drcn ---uucaa 
181 0 |a i  
182 0 |a b 
200 1 |a Формирование плазменного потока при спиновой сепарации изотопов углерода  |f Е. В. Беспала, А. О. Павлюк, С. Г. Котляревский  |g науч. рук. В. Ф. Мышкин 
203 |a Текст  |c электронный 
225 1 |a Селекция веществ оптическими, электромагнитными, ИЦР, лазерными и плазменными методами. диагностика и методы анализа веществ и примесей 
300 |a Заглавие с титульного экрана 
320 |a [Библиогр.: с. 26 (1 назв.)] 
337 |a Adobe Reader 
463 0 |0 (RuTPU)RU\TPU\conf\13159  |t Изотопы: технологии, материалы и применение  |o материалы II Международной научной конференции молодых ученых, аспирантов и студентов, г.Томск, 19-23 октября 2015 г.  |f Национальный исследовательский Томский политехнический университет (ТПУ)  |v [С. 26]  |d 2015 
610 1 |a труды учёных ТПУ 
610 1 |a электронный ресурс 
610 1 |a плазменные потоки 
610 1 |a спиновая сепарация 
610 1 |a изотопы углерода 
610 1 |a атомная промышленность 
610 1 |a плазма 
700 1 |a Беспала  |b Е. В.  |c инженер-физик  |c доцент Томского политехнического университета, кандидат физико-математических наук  |f 1990-  |g Евгений Владимирович  |9 23116 
701 1 |a Павлюк  |b А. О.  |c специалист в области ядерных технологий  |c начальник проектного офиса Томского политехнического университета, кандидат физико-математических наук  |f 1976-  |g Александр Олегович  |3 (RuTPU)RU\TPU\pers\47561  |9 23057 
701 1 |a Котляревский  |b С. Г. 
702 1 |a Мышкин  |b В. Ф.  |c физик  |c профессор Томского политехнического университета, доктор физико-математических наук  |f 1962-  |g Вячеслав Фёдорович  |4 727 
712 0 2 |a Национальный исследовательский Томский политехнический университет  |c (2009- )  |9 26305 
801 2 |a RU  |b 63413507  |c 20230427  |g RCR 
850 |a 63413507 
856 4 |u http://earchive.tpu.ru/handle/11683/22449 
856 4 |u http://www.lib.tpu.ru/fulltext/c/2015/C84/013.pdf 
942 |c BK